Statistics for Músculos M2

Click here to take the quiz!

General Stats

  • This quiz has been taken 7 times
  • The average score is 18 of 39

Answer Stats

HintAnswer% Correct
Antebraço Posterior 1°Braquiorradial
80%
Toracoapendicular AnteriorPeitoral maior
80%
Toracoapendicular AnteriorPeitoral menor
80%
EscapuloumeralRedondo maior
80%
EscapuloumeralRedondo menor
80%
Toracoapendicular PosteriorTrapézio
80%
Braço AnteriorBíceps braquial
60%
Braço AnteriorBraquial
60%
EscapuloumeralDeltoide
60%
Toracoapendicular PosteriorLatíssimo do dorso
60%
Toracoapendicular PosteriorRomboide maior
60%
Toracoapendicular PosteriorRomboide menor
60%
Toracoapendicular AnteriorSerrátil Anterior
60%
Toracoapendicular AnteriorSubclávio
60%
EscapuloumeralSubescapular
60%
Braço PosteriorTríceps braquial
60%
Braço AnteriorCoracobraquial
40%
Antebraço Posterior 1°Extensor do dedo mínimo
40%
Antebraço Posterior 1°Extensor ulnar do carpo
40%
Antebraço Anterior 3°Flexor longo do polegar
40%
Antebraço Anterior 3°Flexor profundo dos dedos
40%
Antebraço Anterior 1°Flexor radial do carpo
40%
Antebraço Anterior 2°Flexor superficial dos dedos
40%
Antebraço Anterior 1°Flexor ulnar do carpo
40%
EscapuloumeralInfraespinal
40%
Toracoapendicular PosteriorLevantador da escápula
40%
Antebraço Anterior 3°Pronador quadrado
40%
Antebraço Anterior 1°Pronador redondo
40%
Antebraço Posterior 3°Supinador
40%
EscapuloumeralSupraespinal
40%
Antebraço Posterior 3°Abdutor longo do polegar
20%
Braço posteriorAncôneo
20%
Antebraço Posterior 3°Extensor curto do polegar
20%
Antebraço Posterior 3°Extensor do indicador
20%
Antebraço Posterior 1°Extensor dos dedos
20%
Antebraço Posterior 3°Extensor longo do polegar
20%
Antebraço Posterior 1°Extensor radial curto do carpo
20%
Antebraço Posterior 1°Extensor radial longo do carpo
20%
Antebraço Anterior 1°Palmar longo
20%

Score Distribution

Percentile by Number Answered

Percent of People with Each Score

Your Score History

You have not taken this quiz